Quiz do Luxemburgo - Statistics

Estatísticas Gerais
  • Esse quiz foi jogado 918 vezes
  • A pontuação média é 8 de 15
Estatísticas das Respostas
Dica Resposta % Correto
Línguas oficiais Francês
95%
Línguas oficiais Alemão
94%
Capital Luxemburgo
94%
Moeda oficial Euro
93%
Título oficial do monarca Grão-{duque}
64%
Línguas oficiais Luxemburguês
60%
Império do qual Luxemburgo fez parte entre 962 e 1795 Sacro Império Romano-Germânico
55%
País com mais imigrantes em Luxemburgo Portugal
48%
Antiga moeda oficial Franco
43%
Concurso de música que Luxemburgo ganhou cinco vezes Eurovisão
39%
Monarca atual {Henri}que
27%
Tribunal da União Europeia com a sede em Luxemburgo Tribunal de {Justiça}
25%
Segunda maior cidade {Esch}-sur-Alzette
20%
Região florestal que a Alemanha usou para invadir a França em 1940 Ardenas
16%
Rio que forma a fronteira no sudeste Mosela
13%
Nenhum quiz correspondente encontrado
Distribuição das Pontuações
Porcentagem de Pessoas com Cada Pontuação
Percentil de Números Respondidos
Sua Pontuação Histórica
Você não jogou esse quiz